000 00224 a2200097 4500
001 119844
040 _cEscola Canadense de Niteroi
245 1 0 _aLittle Einsteins: shape up
650 4 _aKindergarten's Literature
942 _cBK
999 _c119844
_d119844